От конкурентоспособности российских товаров - к конкурентоспособности страны; Стандарты и качество; № 1

Podrobná bibliografie
Parent link:Стандарты и качество: научно-технический журнал/ Российская Федерация, Государственный комитет по стандартизации и метрологии (Госстандарт России).— , 1980-.— 0038-9692
№ 1.— 2004.— С. 64-65
Hlavní autor: Симонов Ю.
Jazyk:ruština
Vydáno: 2004
Edice:Качество: национальная программа
Témata:
Médium: MixedMaterials Kapitola
KOHA link:https://koha.lib.tpu.ru/cgi-bin/koha/opac-detail.pl?biblionumber=459594

MARC

LEADER 00000naa2a2200000 4500
001 459594
005 20231101085145.0
035 |a (RuTPU)RU\TPU\prd\123390 
035 |a RU\TPU\prd\24368 
090 |a 459594 
100 |a 20111024a2004 k y0rusy50 ca 
101 0 |a rus 
102 |a RU 
200 1 |a От конкурентоспособности российских товаров - к конкурентоспособности страны  |f Ю. Симонов 
225 1 |a Качество: национальная программа 
461 1 |0 (RuTPU)RU\TPU\prd\992  |x 0038-9692  |t Стандарты и качество  |o научно-технический журнал  |f Российская Федерация, Государственный комитет по стандартизации и метрологии (Госстандарт России)  |d 1980- 
463 1 |0 (RuTPU)RU\TPU\prd\123369  |t № 1  |v С. 64-65  |d 2004 
610 1 |a конкурентоспособность 
610 1 |a товары 
610 1 |a конференции 
610 1 |a промышленные предприятия 
610 1 |a качество жизни 
610 1 |a уровень жизни 
610 1 |a политика качества 
610 1 |a государственная политика 
700 1 |a Симонов  |b Ю. 
801 1 |a RU  |b 63413507  |c 20040325  |g PSBO 
801 2 |a RU  |b 63413507  |c 20111024  |g RCR 
942 |c BK